LEADER 01035nam a2200241 i 4500 001 000000247800 003 CaOOAMICUS 005 20160708000000.0 008 160708s2015 it u000 u ita u 013 $a226705 040 $aSeMil$bita 100 1 $aBellora, Mirko,$c.$0(OLS)http://semarc/name/32949 245 13$aIl Vangelo :$buna parola felice /$cdon Mirko Bellora. 260 $aVimercate (Mi) :$bIl Gabbiano,$ccopyr. 2015. 300 $a307 p. ;$c21 cm. 650 4$aCristianesimo - Meditazioni.$0(OLS)http://semarc/subject/1977 650 4$aVita cristiana - Meditazioni.$0(OLS)http://semarc/subject/1353 650 4$aSpiritualità - Testi - Sec. 21.$0(OLS)http://semarc/subject/23185 850 $aSeMil 852 $aSeMil$W1$xVenegono$y1$m3F VI 27$j198146$B198146$CSeMilBibl$Z2$F212148 $81 961 $aOmaggio: Caspani don Pierpaolo 996 $6245$aIl Vangelo :$buna parola felice$9(OLS)http://semarc/title/349837 996 $6260$aVimercate (Mi) :$bIl Gabbiano$9(OLS)http://semarc/publisher/35546 LEADER 01152nam a2200265 i 4500 001 000000191597 003 CaOOAMICUS 005 20100811000000.0 008 100811s2009 it u000 u ita u 013 $a170167 020 $a978-88-6124-119-0 040 $aSeMil$bita 100 1 $aAbignente, Donatella,$d<1951- >.$0(OLS)http://semarc/name/44610 245 13$aLe vie del bene :$boggettività, storicità, intersoggettività /$cD. Abignente, S. Bastianel. 260 $aTrapani :$bIl pozzo di Giacobbe,$c2009. 300 $a230 p. ;$c22 cm. 500 $aContiene : Bibliografia. 650 4$aBene.$0(OLS)http://semarc/subject/13320 700 1 $aBastianel, Sergio,$c.$0(OLS)http://semarc/name/89106 850 $aSeMil 852 $aSeMil$W1$xVenegono$y1$m2E III 399$j142211$B142211$CSeMilBibl$Z2$F153775 $81 961 $aOmaggio: Scanziani don Francesco 996 $6020$a978-88-6124-119-0$9(OLS)http://semarc/number/182716 996 $6245$aLe vie del bene :$boggettività, storicità, intersoggettività$9(OLS)http://semarc/title/276088 996 $6260$aTrapani :$bIl pozzo di Giacobbe$9(OLS)http://semarc/publisher/31941